[Event "RUS-ch Higher League (Women) 72nd"]
[Site "Obninsk"]
[Date "2022.06.26"]
[Round "1"]
[White "Karmanova, Olga Dm"]
[Black "Nechaeva, Marina"]
[Result "1/2-1/2"]
[WhiteElo "2157"]
[BlackElo "2377"]
[PlyCount "80"]
[EventDate "2022.06.26"]
[EventType "swiss"]
[EventRounds "9"]
[EventCountry "RUS"]
[SourceTitle "CBM 209 Extra"]
[Source "ChessBase"]
[SourceDate "2022.09.30"]
[SourceVersion "1"]
[SourceVersionDate "2022.09.30"]
[SourceQuality "1"]

1. d4 Nf6 2. c4 e6 3. g3 d5 4. Bg2 Be7 5. Nf3 0-0 6. 0-0 dxc4 7. Qa4 a6 8. Qxc4 b5 9. Qc2 Bb7 10. Bd2 Ra7 11. Rd1 Nbd7 12. Ba5 Qa8 13. Qxc7 Rc8 14. Qf4 Rc2 15. Ne1 Rxe2 16. Bxb7 Qxb7 17. Nc3 Nd5 18. Qf3 Rxb2 19. Nxd5 Qxd5 20. Qxd5 exd5 21. Kf1 b4 22. Nd3 Rc2 23. Bxb4 Nf6 24. Rac1 Rxc1 25. Rxc1 h5 26. Rc8+ Kh7 27. Bxe7 Rxe7 28. Nc5 Ne4 29. Nxe4 Rxe4 30. Ra8 Rxd4 31. Rxa6 Rd2 32. a4 Ra2 33. Rd6 Rxa4 34. Rxd5 g6 35. h4 Kg7 36. Kg2 Ra2 37. Rd7 Rb2 38. Ra7 Rc2 39. Rb7 Ra2 40. Rc7 Rb2 1/2-1/2

[Event "Nezhmetdinov Memorial 44th"]
[Site "Kazan"]
[Date "2022.05.28"]
[Round "2"]
[White "Karmanova, Olga Dm"]
[Black "Khegay, Dmitriy"]
[Result "0-1"]
[WhiteElo "2157"]
[BlackElo "2523"]
[PlyCount "64"]
[EventDate "2022.05.27"]
[EventType "swiss"]
[EventRounds "9"]
[EventCountry "RUS"]
[SourceTitle "CBM 208 Extra"]
[Source "ChessBase"]
[SourceDate "2022.07.31"]
[SourceVersion "1"]
[SourceVersionDate "2022.07.31"]
[SourceQuality "1"]

1. d4 d6 2. c4 e5 3. Nf3 e4 4. Nfd2 f5 5. e3 Nf6 6. Nc3 c6 7. Be2 Be7 8. f3 d5 9. Qb3 0-0 10. cxd5 cxd5 11. fxe4 fxe4 12. Ndxe4 Nxe4 13. Nxe4 Nc6 14. Bd2 Be6 15. Ng3 Rc8 16. Bf3 Na5 17. Qd3 Nc4 18. b3 Nxd2 19. Qxd2 Bd6 20. 0-0 Qh4 21. Rae1 Rf6 22. e4 Bf4 23. Qd3 Rh6 24. Kf2 Qxh2 25. Nh1 Bg5 26. Ke2 dxe4 27. Qxe4 Bf7 28. Qxb7 Rb8 29. Qd7 Qf4 30. Kf2 Bh4+ 31. Kg1 Bxe1 32. Rxe1 Rxh1+ 0-1

[Event "Khanty-Mansiysk Governor Cup 17th"]
[Site "Khanty-Mansiysk"]
[Date "2021.11.17"]
[Round "7"]
[White "Karmanova, Olga Dm"]
[Black "Popovich, Alexey"]
[Result "1/2-1/2"]
[WhiteElo "2001"]
[BlackElo "1990"]
[PlyCount "87"]
[EventDate "2021.11.11"]
[EventType "swiss"]
[EventRounds "9"]
[EventCountry "RUS"]
[SourceTitle "CBM 205 Extra"]
[Source "ChessBase"]
[SourceDate "2022.01.31"]
[SourceVersion "1"]
[SourceVersionDate "2022.01.31"]
[SourceQuality "1"]

1. d4 d5 2. c4 e6 3. Nf3 Nf6 4. g3 Be7 5. Bg2 0-0 6. Qc2 c5 7. 0-0 cxd4 8. Nxd4 Nc6 9. Nxc6 bxc6 10. b3 Bb7 11. Rd1 Qb6 12. Bb2 c5 13. cxd5 exd5 14. Nd2 d4 15. Nc4 Qc7 16. Bxb7 Qxb7 17. e3 dxe3 18. Nxe3 Qe4 19. Qxe4 Nxe4 20. Bxg7 Kxg7 21. Nf5+ Kf6 22. Nxe7 Kxe7 23. Re1 f5 24. f3 Ke6 25. fxe4 f4 26. Rac1 fxg3 27. hxg3 Rad8 28. Rxc5 Rd2 29. Rh5 Rf3 30. e5 Rxg3+ 31. Kh1 Rxa2 32. Rh6+ Rg6 33. Rxh7 Ra5 34. Rh5 Rb5 35. Re3 a5 36. Rh8 Rg5 37. Rh6+ Ke7 38. e6 Rh5+ 39. Rxh5 Rxh5+ 40. Kg2 Rb5 41. Kf3 Rb4 42. Ke2 a4 43. bxa4 Rxa4 44. Kf3 1/2-1/2